LEADER 02302oas 2200865 a 450 001 9910134497703321 005 20260218112600.0 011 $a1946-3448 035 $a(DE-599)ZDB2127876-3 035 $a(OCoLC)44450496 035 $a(CONSER) 2008230024 035 $a(CKB)110990130683028 035 $a(DE-599)2127876-3 035 $a(EXLCZ)99110990130683028 100 $a20000621a198u9999 sa a 101 0 $aeng 135 $aurmn||||||||| 181 $ctxt$2rdacontent 182 $cc$2rdamedia 183 $acr$2rdacarrier 200 14$aThe FDIC quarterly banking profile 210 $a[Washington, D.C.] $cFDIC 215 $a1 online resource (volumes) 300 $aIn scope of the U.S. Government Publishing Office Cataloging and Indexing Program (C&I) and Federal Depository Library Program (FDLP). 311 08$a1052-0252 517 1 $aFederal Deposit Insurance Corporation quarterly banking profile 517 1 $aQuarterly banking profile 606 $aBanks and banking$zUnited States$vStatistics$vPeriodicals 606 $aBanks and banking$2fast$3(OCoLC)fst00826867 607 $aUnited States$2fast$1https://id.oclc.org/worldcat/entity/E39PBJtxgQXMWqmjMjjwXRHgrq 608 $aPeriodicals.$2fast 608 $aStatistics.$2fast 608 $aStatistics.$2lcgft 608 $aPeriodicals.$2lcgft 615 0$aBanks and banking 615 7$aBanks and banking. 676 $a332 712 02$aFederal Deposit Insurance Corporation 801 0$bGAO 801 1$bGAO 801 2$bOCLCQ 801 2$bUPM 801 2$bGPO 801 2$bDLC 801 2$bLGG 801 2$bOCLCQ 801 2$bHEBIS 801 2$bOCLCQ 801 2$bGPM 801 2$bGPO 801 2$bOCLCF 801 2$bOCLCO 801 2$bOCLCQ 801 2$bCOO 801 2$bOCLCQ 801 2$bGILDS 801 2$bOCLCO 801 2$bUUM 801 2$bVT2 801 2$bOCLCO 801 2$bBWN 801 2$bOCLCQ 801 2$bQGK 801 2$bOCLCQ 801 2$bUAB 801 2$bOCLCL 801 2$bGPO 801 2$bYWS 801 2$bU3W 801 2$bOCLCL 801 2$bOCLCQ 906 $aJOURNAL 912 $a9910134497703321 996 $aThe FDIC quarterly banking profile$92153008 997 $aUNINA